|
|
|
|
| LEADER |
01342nam a22003372a 4500 |
| 001 |
000234895 |
| 003 |
CZ BrMZK |
| 005 |
20200807105843.0 |
| 007 |
ta |
| 008 |
950101s1966 xr f 000 0 eng d |
| 015 |
|
|
|a cnb000444412
|
| 035 |
|
|
|a (OCoLC)42186498
|
| 040 |
|
|
|a ABA001
|b cze
|c BOA001
|d ABA001
|d BOA001
|
| 041 |
1 |
|
|a eng
|h cze
|
| 044 |
|
|
|a xr
|a xxk
|
| 080 |
9 |
|
|a 73/76(31+51)(084.12)=20
|
| 100 |
1 |
|
|a Hájek, Lubor,
|d 1921-2000
|7 jk01033069
|4 aut
|
| 245 |
1 |
2 |
|a A book of Chinese art :
|b four thousand years of sculpture, painting, bronze, jade, lacquer and porcelain /
|c text by Lubor Hájek ; translated by Arnošt Jappel ; photography by Werner Forman
|
| 260 |
|
|
|a Praha :
|b Artia ;
|a London :
|b Spring Books,
|c 1966
|e ([Praha] :
|f Polygrafia)
|
| 300 |
|
|
|a 74, [11] s., 191 s. obr. a 20 barev. obr. příl. ;
|c 4°
|
| 500 |
|
|
|a Přeloženo z češtiny
|
| 500 |
|
|
|a Chronologický přehl. dynastií
|
| 500 |
|
|
|a Barev. fot. na tit. dvoulistu a barev. obr. na předsádkách
|
| 504 |
|
|
|a Obsahuje bibliografii
|
| 700 |
1 |
|
|a Jappel, Arnošt
|4 trl
|
| 700 |
1 |
|
|a Forman, Werner,
|d 1921-2010
|7 jk01031570
|4 pht
|
| 710 |
2 |
|
|a Artia (nakladatelství)
|7 ko2002148958
|4 isb
|
| 910 |
|
|
|a BOA001
|b 3-0567.661
|
| 990 |
|
|
|a BK
|
| 991 |
|
|
|b 202008
|
| 996 |
6 |
|
|b 2619899897
|c 3-0567.661
|l MZK
|r Sklad / do 1 hodiny
|n 2
|w 000234895
|u 000010
|a 1
|e BOA001
|j MZK50
|s P
|